000 01191nam a2200313 i 4500
003 EG-GICUC
005 20260416105555.0
008 260220s1961 ua ||||fr|||| 00| 0 ara d
040 _a EG-GICUC
_bara
_c EG-GICUC
_d EG-GICUC
_erda
041 _aara
082 0 4 _221
_a343.31
_bح س . أ
092 0 4 _221
099 _aLaw1 10 343.31 ح س . أ 2 ed - 1961
100 0 _aحسن صادق المرصفاوى
_eمؤلف.
245 1 0 _aاصول الإجراءات الجزائية /
_cتأليف دكتور حسن صادق المرصفاوى.
250 _aالطبعة الثانية،
_b1961.
264 1 _aمصر :
_bدار المعارف بمصر،
_c1961.
300 _a1064 صفحة ;
_c24 سم.
336 _2rda content
_atext
337 _2rda media
_aComputer
338 _2rda carrier
_aOnline Resource
504 _aيشتمل على إرجاعات ببليوجرافية.
546 _aالنص باللغة العربية
650 1 _aالقانون الجنائي
650 1 _aالقواعد العامة فى الإجراءات الجنائية
856 4 0 _uhttps://fll.law.cu.edu.eg/fulltext/bks/B10-08570.pdf
905 _a43
_eYara
942 _2ddc
_n0
_cBK
_e21
999 _c63906
_d63906